000 00350pab a2200145 454500
008 180718b2005 xxu||||| |||| 00| 0 eng d
100 _aPlant, Jeremy F.
245 _aCompeting models for enhancing railroad security
260 _c2005
300 _ap.13-19.
362 _aFall
650 _aRailways
773 _aPublic Manager
909 _a68257
999 _c68257
_d68257